00564 2200205 4500001002100000005001500021035002000036007000300056008004100059020002200100082001200122084001800134100002200152245006200174250000900236260005000245300002800295650002600323990000900349INLIS00000000000016120170912012653 a0010-0917000147ta170912 f 0 ind  a978-979-1409-10-0 a297.432 a297.432 MAN w0 aManasikana, Arina1 aWaris :bSeri Tuntunan Praktis Ibadah /cArina Manasikana aed.1 aJogjakarta :bPT. Pustaka Insan Madani,c2007 a140hlm` ;c15 x 21,5 cm aTuntunan Ibadah Islam a2487